[Event "Konik Morski Rewala OPEN A"]
[Site "Rewal"]
[Date "2007.08.21"]
[Round "1.1"]
[White "Czakon, Jakub"]
[Black "Majcher, Marcin"]
[Result "1-0"]
[WhiteElo "2505"]
[BlackElo "2163"]
[PlyCount "67"]
[EventDate "2007.??.??"]

1. d4 d5 2. c4 c6 3. Nc3 Nf6 4. e3 e6 5. Nf3 Nbd7 6. Qc2 Bd6 7. g4 dxc4 8. Bxc4
e5 9. Bd2 exd4 10. Nxd4 Ne5 11. Be2 O-O 12. g5 Nd5 13. O-O-O Nb4 14. Qe4 Re8
15. Kb1 c5 16. Ndb5 Bf8 17. Bc1 Qa5 18. a3 a6 19. Nd6 Bxd6 20. Rxd6 Nbc6 21. f4
g6 22. Qg2 Nd7 23. Ne4 Re7 24. Rhd1 Nf8 25. Nf6+ Kg7 26. Bd2 Qa4 27. Nd5 Bf5+
28. Ka1 Re6 29. Bc3+ Kg8 30. Rxe6 Nxe6 31. e4 Nxf4 32. Nxf4 Bxe4 33. Qf2 Nb4
34. Qxc5 1-0

[Event "Konik Morski Rewala OPEN A"]
[Site "Rewal"]
[Date "2007.08.21"]
[Round "1.2"]
[White "Dudys, Jakub"]
[Black "Schebler, Gerhard"]
[Result "1/2-1/2"]
[WhiteElo "2162"]
[BlackElo "2496"]
[PlyCount "37"]
[EventDate "2007.??.??"]

1. e4 c5 2. Nf3 Nc6 3. d4 cxd4 4. Nxd4 Nf6 5. Nc3 e5 6. Ndb5 d6 7. a4 a6 8. Na3
Bg4 9. f3 Be6 10. Bc4 Qb6 11. Qd3 Nb4 12. Qe2 Rc8 13. Be3 Nxc2+ 14. Nxc2 Qxb2
15. Nd1 Bxc4 16. Qd2 Qb3 17. Ra3 Qb1 18. Ra1 Qb3 19. Ra3 1/2-1/2

[Event "Konik Morski Rewala OPEN A"]
[Site "Rewal"]
[Date "2007.08.21"]
[Round "1.3"]
[White "Sergeev, Vladimir"]
[Black "Mazalon, Mariusz"]
[Result "1-0"]
[WhiteElo "2488"]
[BlackElo "2158"]
[PlyCount "86"]
[EventDate "2007.??.??"]

1. d4 Nf6 2. Nf3 e6 3. Bg5 h6 4. Bh4 d6 5. c3 g5 6. Bg3 Nh5 7. e4 Bg7 8. Na3 f5
9. Nd2 Nxg3 10. hxg3 O-O 11. exf5 exf5 12. Qb3+ Kh8 13. O-O-O Nc6 14. f4 g4 15.
Bd3 Rb8 16. Qc2 Qf6 17. Rde1 a6 18. Re2 b5 19. Rhe1 Bd7 20. Nab1 Na5 21. b4 Nb7
22. d5 a5 23. a3 a4 24. Nf1 Rf7 25. Ne3 Rbf8 26. Kd2 Qd8 27. Kd1 Qc8 28. c4
bxc4 29. Bxc4 Qb8 30. Qd3 Qa7 31. Bb5 Bxb5 32. Qxb5 Nd8 33. Nc2 Kh7 34. Nd2 Kg6
35. Re3 Bf6 36. Nc4 Re7 37. Rxe7 Bxe7 38. Rxe7 Qf2 39. N4e3 Qxg3 40. Qc4 h5 41.
Qxc7 Nf7 42. Re6+ Kh7 43. Rf6 Kg7 1-0

[Event "Konik Morski Rewala OPEN A"]
[Site "Rewal"]
[Date "2007.08.21"]
[Round "1.4"]
[White "Roth, Josef"]
[Black "Szoen, Dariusz"]
[Result "0-1"]
[WhiteElo "2158"]
[BlackElo "2452"]
[PlyCount "64"]
[EventDate "2007.??.??"]

1. e4 c5 2. Nf3 e6 3. d4 cxd4 4. Nxd4 a6 5. Nc3 b5 6. Bd3 Qb6 7. Nf3 Nc6 8. O-O
Bb7 9. a4 b4 10. Be3 Qc7 11. Ne2 Nf6 12. a5 Nxa5 13. Bf4 Qb6 14. Ng3 Be7 15. e5
Nd5 16. Bd2 Qc7 17. Qe2 Rc8 18. b3 Nc6 19. Bxa6 Bxa6 20. Qxa6 O-O 21. Qe2 f6
22. exf6 Bxf6 23. Ra2 Bc3 24. Ne4 Bxd2 25. Qxd2 Rf4 26. c4 bxc3 27. Nxc3 Ndb4
28. Ra4 Rcf8 29. Ng5 Qe5 30. Nf3 Rxf3 31. gxf3 Nd4 32. Kg2 Nxf3 0-1

[Event "Konik Morski Rewala OPEN A"]
[Site "Rewal"]
[Date "2007.08.21"]
[Round "1.5"]
[White "Koziak, Vitali"]
[Black "Kopisch, Martin"]
[Result "1/2-1/2"]
[WhiteElo "2441"]
[BlackElo "2154"]
[PlyCount "98"]
[EventDate "2007.??.??"]

1. d4 d5 2. c4 c6 3. Nf3 Nf6 4. Qc2 g6 5. e3 Bf5 6. Bd3 Bxd3 7. Qxd3 Bg7 8. O-O
O-O 9. Nc3 Nbd7 10. e4 dxe4 11. Nxe4 Nxe4 12. Qxe4 Re8 13. Bf4 Qa5 14. Rfe1
Rad8 15. b3 Nf6 16. Qc2 Qf5 17. Qd2 c5 18. Be5 cxd4 19. Nxd4 Qh5 20. h3 Ne4 21.
Rxe4 Bxe5 22. Rae1 Bf6 23. Qe3 Qc5 24. Nb5 Qxe3 25. R4xe3 e6 26. c5 Bd4 27.
Nxd4 Rxd4 28. Re4 Rd2 29. Ra4 a6 30. c6 bxc6 31. Rxa6 Red8 32. Re3 Rc2 33. Rf3
Rd7 34. g4 Kg7 35. a4 f5 36. a5 fxg4 37. hxg4 Rd4 38. Ra7+ Kh6 39. g5+ Kxg5 40.
Rxh7 Ra2 41. Rg3+ Rg4 42. Rxg4+ Kxg4 43. b4 Kf3 44. Rf7+ Ke4 45. Rf6 Kd5 46.
Rxg6 c5 47. bxc5 Rxa5 48. c6 Rc5 49. Rg5+ Kxc6 1/2-1/2

[Event "Konik Morski Rewala OPEN A"]
[Site "Rewal"]
[Date "2007.08.21"]
[Round "1.6"]
[White "Zilinskas, Vaidas"]
[Black "Rudolf, Michal"]
[Result "0-1"]
[WhiteElo "2150"]
[BlackElo "2419"]
[PlyCount "74"]
[EventDate "2007.??.??"]

1. e4 c6 2. d4 d5 3. e5 Bf5 4. Ne2 e6 5. Ng3 Bg6 6. h4 f6 7. h5 Bf7 8. f4 c5 9.
c3 Nc6 10. Be3 Qb6 11. Qb3 c4 12. Qxb6 axb6 13. Nd2 b5 14. b4 Nh6 15. Be2 Be7
16. a3 O-O 17. O-O Be8 18. Bf3 f5 19. Ra2 Bh4 20. Kh2 Ng4+ 21. Bxg4 fxg4 22.
Ne2 Ne7 23. g3 Nf5 24. gxh4 Nxe3 25. h6 Nxf1+ 26. Nxf1 Bg6 27. hxg7 Kxg7 28.
Nfg3 Kh6 29. f5 Bxf5 30. Nf4 Bb1 31. Rf2 Rxa3 32. Ngh5 Rxc3 33. Nf6 g3+ 34. Kg2
gxf2 35. Ng4+ Kg7 36. Nxe6+ Kh8 37. Nxf8 Rg3+ 0-1

[Event "Konik Morski Rewala OPEN A"]
[Site "Rewal"]
[Date "2007.08.21"]
[Round "1.7"]
[White "Olszewski, Michal"]
[Black "Tofil, Borys"]
[Result "1-0"]
[WhiteElo "2409"]
[BlackElo "2148"]
[PlyCount "63"]
[EventDate "2007.??.??"]

1. e4 g6 2. d4 Bg7 3. Nc3 d6 4. Be3 a6 5. Qd2 b5 6. f3 Bb7 7. h4 h5 8. Nh3 Nd7
9. Ng5 c5 10. dxc5 Nxc5 11. Bd4 Bxd4 12. Qxd4 e5 13. Qd2 Qd7 14. b4 Ne6 15.
Nxe6 fxe6 16. a4 bxa4 17. Nxa4 Qc7 18. c4 Ne7 19. c5 Rd8 20. Qg5 d5 21. exd5
exd5 22. Bxa6 Bxa6 23. Qf6 Rf8 24. Qxa6 e4 25. O-O exf3 26. Qb5+ Qc6 27. Qxc6+
Nxc6 28. Rae1+ Kd7 29. b5 Nd4 30. Nb6+ Kc7 31. Re7+ Kb8 32. Ra1 1-0

[Event "Konik Morski Rewala OPEN A"]
[Site "Rewal"]
[Date "2007.08.21"]
[Round "1.8"]
[White "Czaja, Roman"]
[Black "Aliavdin, Nikolai"]
[Result "0-1"]
[WhiteElo "2146"]
[BlackElo "2403"]
[PlyCount "58"]
[EventDate "2007.??.??"]

1. c4 c6 2. Nc3 d5 3. d4 Nf6 4. Nf3 a6 5. e3 b5 6. cxd5 cxd5 7. Bd3 Bg4 8. h3
Bxf3 9. Qxf3 e6 10. g4 Nc6 11. g5 Nd7 12. Rg1 g6 13. Bd2 Bg7 14. Rc1 Rc8 15. a4
b4 16. Ne2 Nce5 17. dxe5 Nxe5 18. Nd4 Nxf3+ 19. Nxf3 Rxc1+ 20. Bxc1 Qa5 21. b3
O-O 22. Bd2 Bc3 23. Ke2 Bxd2 24. Kxd2 Rc8 25. Be2 Qc5 26. Bd1 e5 27. Rg4 e4 28.
Ne1 Qc3+ 29. Ke2 Qb2+ 0-1

[Event "Konik Morski Rewala OPEN A"]
[Site "Rewal"]
[Date "2007.08.21"]
[Round "1.9"]
[White "Jerezperez, Alfonso"]
[Black "Matuszewski, Michal"]
[Result "1-0"]
[WhiteElo "2397"]
[BlackElo "2144"]
[PlyCount "79"]
[EventDate "2007.??.??"]

1. e4 c5 2. c3 Nf6 3. e5 Nd5 4. d4 cxd4 5. Nf3 Nc6 6. Bc4 Nb6 7. Bb3 d6 8. exd6
Qxd6 9. O-O dxc3 10. Qe2 Qf6 11. Nxc3 Bg4 12. Ne4 Qg6 13. Bxf7+ Kxf7 14. Nfg5+
Ke8 15. Qxg4 h6 16. Qe6 Qxe6 17. Nxe6 Kf7 18. N4c5 Rc8 19. Be3 Nd5 20. Rac1 b6
21. Nxf8 bxc5 22. Nd7 Nd4 23. Kh1 Rhd8 24. Nxc5 Nf5 25. Bd2 Nf6 26. Ba5 Rd5 27.
Nb3 Rb8 28. Rfd1 Re5 29. Bc3 Re2 30. Rd2 Rxd2 31. Bxd2 Rb6 32. Kg1 Ne4 33. Be1
Ra6 34. Na5 Rg6 35. f3 Nd4 36. Kf1 Nd6 37. Bf2 Rg5 38. Nc4 N4f5 39. f4 Rg6 40.
Ne5+ 1-0

[Event "Konik Morski Rewala OPEN A"]
[Site "Rewal"]
[Date "2007.08.21"]
[Round "1.10"]
[White "Bebel, Arkadiusz"]
[Black "Orzech, Dominik"]
[Result "1-0"]
[WhiteElo "2142"]
[BlackElo "2394"]
[PlyCount "115"]
[EventDate "2007.??.??"]

1. e4 c6 2. Nc3 d5 3. Nf3 dxe4 4. Nxe4 Nd7 5. Bc4 Ngf6 6. Neg5 e6 7. Qe2 Nb6 8.
Ne5 Nxc4 9. Qxc4 Qd5 10. Qxd5 exd5 11. Ngxf7 Rg8 12. d4 h6 13. g4 Nxg4 14. Nxg4
Bxg4 15. Rg1 Be6 16. Ne5 Bf5 17. c3 g5 18. h4 Be7 19. hxg5 hxg5 20. Be3 Rg7 21.
Ke2 O-O-O 22. Rh1 g4 23. Rag1 Rdg8 24. Rh5 Be4 25. Bf4 Bd6 26. Bg3 Bc7 27. Kd2
a6 28. Re1 Kb8 29. a3 Ka7 30. c4 Bg2 31. c5 a5 32. a4 Be4 33. Rg1 Rf8 34. Bh4
Rf4 35. Bg3 Rf6 36. Bh4 Re6 37. Rh8 b6 38. f3 Bxe5 39. dxe5 Bxf3 40. cxb6+ Kxb6
41. Bf6 Rg6 42. Rb8+ Ka7 43. Rb3 Rh6 44. Rc1 Rh2+ 45. Ke3 Bd1 46. Rbc3 Bxa4 47.
Ra1 Bb5 48. Rxa5+ Kb6 49. Ra8 c5 50. Kf4 Rxb2 51. Rca3 Rb4+ 52. Kf5 Re8 53.
Bd8+ Kc6 54. e6 d4 55. Ke5 d3 56. R3a7 Rxd8 57. Rxd8 Kb6 58. Rg7 1-0

[Event "Konik Morski Rewala OPEN A"]
[Site "Rewal"]
[Date "2007.08.21"]
[Round "1.11"]
[White "Gumula, Daniel"]
[Black "Gola, Karol"]
[Result "1-0"]
[WhiteElo "2387"]
[BlackElo "2141"]
[PlyCount "91"]
[EventDate "2007.??.??"]

1. c4 e6 2. d4 d5 3. Nc3 Nf6 4. Nf3 Be7 5. Bf4 O-O 6. e3 b6 7. Rc1 Bb7 8. a3 a6
9. cxd5 exd5 10. Bd3 Nbd7 11. O-O Re8 12. Bf5 g6 13. Bh3 Bf8 14. b4 c6 15. Bg5
Bg7 16. Na4 Re7 17. Bxd7 Rxd7 18. Ne5 Rd6 19. Qf3 h6 20. Bh4 a5 21. Ra1 axb4
22. axb4 Re6 23. Rfb1 g5 24. Bg3 Re7 25. Nc3 Nd7 26. Nd3 Ba6 27. b5 Bxb5 28.
Nxb5 cxb5 29. Nb4 Re6 30. Qxd5 Ra5 31. Nc6 Rxa1 32. Rxa1 Qf6 33. Rc1 Nf8 34. h3
Qg6 35. Qxb5 Qe4 36. d5 Rf6 37. Qc4 Qxc4 38. Rxc4 Nd7 39. e4 h5 40. Ne7+ Kh7
41. Rc7 Nc5 42. e5 Rh6 43. Nf5 Rg6 44. Rxf7 h4 45. Bh2 b5 46. e6 1-0

[Event "Konik Morski Rewala OPEN A"]
[Site "Rewal"]
[Date "2007.08.21"]
[Round "1.12"]
[White "Pigula, Marek"]
[Black "Malinin, Vasily B"]
[Result "1/2-1/2"]
[WhiteElo "2141"]
[BlackElo "2375"]
[PlyCount "44"]
[EventDate "2007.??.??"]

1. e4 Nc6 2. Nf3 e5 3. Bb5 a6 4. Ba4 Nf6 5. O-O Be7 6. Re1 b5 7. Bb3 O-O 8. h3
d6 9. c3 Na5 10. Bc2 c5 11. d4 Qc7 12. Nbd2 Bb7 13. Nf1 cxd4 14. cxd4 Rac8 15.
Bd3 Nc6 16. Be3 d5 17. exd5 Nxd5 18. dxe5 Nxe5 19. Nxe5 Qxe5 20. Qb1 Bf6 21.
Bxh7+ Kh8 22. Bf5 Qxb2 1/2-1/2

[Event "Konik Morski Rewala OPEN A"]
[Site "Rewal"]
[Date "2007.08.21"]
[Round "1.13"]
[White "Chojnacki, Krzysztof"]
[Black "Klim, Kamil"]
[Result "1-0"]
[WhiteElo "2372"]
[BlackElo "2126"]
[PlyCount "85"]
[EventDate "2007.??.??"]

1. e4 c5 2. Nf3 Nc6 3. d4 cxd4 4. Nxd4 Nf6 5. Nc3 d6 6. Bc4 e6 7. Be3 a6 8. Qe2
Qc7 9. Bb3 Na5 10. g4 b5 11. g5 Nd7 12. O-O-O Nc5 13. Rhe1 Bd7 14. a3 Be7 15.
Ba2 Na4 16. Nxa4 bxa4 17. Bd2 O-O 18. Qh5 g6 19. Qh6 Rfc8 20. Bc3 Bf8 21. Qh4
Qb6 22. Re3 Rxc3 23. bxc3 Qc5 24. Rh3 Bg7 25. Qxh7+ Kf8 26. Bxe6 Qxg5+ 27. Kb2
Rb8+ 28. Ka2 Qe7 29. Bxd7 Qxd7 30. Rb1 Rxb1 31. Kxb1 Qb7+ 32. Kc1 Qxe4 33. Qh4
Qh1+ 34. Kd2 Nc4+ 35. Ke2 g5 36. Ne6+ fxe6 37. Qxc4 d5 38. Qc8+ Kf7 39. Qd7+
Kg6 40. Qxe6+ Bf6 41. Qg8+ Bg7 42. Qe8+ Kf5 43. Rf3+ 1-0

[Event "Konik Morski Rewala OPEN A"]
[Site "Rewal"]
[Date "2007.08.21"]
[Round "1.14"]
[White "Kunicki, Michal"]
[Black "Philippe, Christophe"]
[Result "0-1"]
[WhiteElo "2120"]
[BlackElo "2368"]
[PlyCount "76"]
[EventDate "2007.??.??"]

1. d4 d5 2. c4 e5 3. dxe5 d4 4. Nf3 Nc6 5. g3 Bg4 6. Bg2 Qd7 7. O-O h5 8. h4
Nh6 9. Qb3 O-O-O 10. Rd1 Nf5 11. Bg5 Be7 12. Nc3 Bxf3 13. Bxf3 Bxg5 14. hxg5 a6
15. Na4 b6 16. Qa3 a5 17. Rab1 Nxe5 18. b4 Qe7 19. c5 Qxg5 20. bxa5 d3 21.
Nxb6+ cxb6 22. axb6 Nxg3 23. fxg3 Qxg3+ 24. Bg2 Qe3+ 25. Kh1 Rd4 26. b7+ Kd7
27. c6+ Ke6 28. Qb3+ Nc4 29. Bf3 Rh4+ 30. Kg2 dxe2 31. Qxe3+ Nxe3+ 32. Kg3 Nf5+
33. Kf2 exd1=Q 34. Bxd1 Kd6 35. Bf3 Kc7 36. Rd1 Nd4 37. Bg2 Nxc6 38. Rc1 Rf4+
0-1

[Event "Konik Morski Rewala OPEN A"]
[Site "Rewal"]
[Date "2007.08.21"]
[Round "1.15"]
[White "Walach, Marcin"]
[Black "Jagodzinski, Piotr"]
[Result "0-1"]
[WhiteElo "2367"]
[BlackElo "2120"]
[PlyCount "120"]
[EventDate "2007.??.??"]

1. d4 Nf6 2. c4 c5 3. d5 b5 4. cxb5 a6 5. f3 g6 6. e4 d6 7. Nc3 Bg7 8. a4 O-O
9. Bd3 axb5 10. Bxb5 Na6 11. Nge2 Nc7 12. O-O Ba6 13. Bxa6 Rxa6 14. Bd2 Nd7 15.
f4 f5 16. exf5 Rxf5 17. Ng3 Rf8 18. f5 Rb6 19. Qc2 Ne5 20. fxg6 hxg6 21. Bf4
Rxf4 22. Rxf4 Qb8 23. Rb1 Bh6 24. Re4 Qb7 25. a5 Ra6 26. Rd1 Bg7 27. Ra4 c4 28.
h3 Qa7+ 29. Qf2 Qb7 30. Kh1 Nd3 31. Rxd3 cxd3 32. Rg4 Rxa5 33. Rxg6 Qa7 34.
Qxa7 Rxa7 35. Nf5 Ne8 36. Rg3 Rb7 37. Rxd3 Rxb2 38. Nxe7+ Kf7 39. Nf5 Be5 40.
Nd1 Rb1 41. g4 Nf6 42. Kg2 Ne4 43. Nfe3 Ra1 44. Nc4 Ra2+ 45. Kf3 Ng5+ 46. Ke3
Bh2 47. h4 Nh3 48. Ke4 Ng1 49. Rd2 Rxd2 50. Nxd2 Bg3 51. h5 Kf6 52. Ne3 Nh3 53.
Kf3 Bf4 54. Ndc4 Kg5 55. Kg2 Kh4 56. Kf3 Kg5 57. Nf5 Ng1+ 58. Ke4 Kxg4 59. h6
Bxh6 60. Nxh6+ Kh5 0-1

[Event "Konik Morski Rewala OPEN A"]
[Site "Rewal"]
[Date "2007.08.21"]
[Round "1.16"]
[White "Gluszko, Tomasz"]
[Black "Brodowski, Piotr"]
[Result "0-1"]
[WhiteElo "2119"]
[BlackElo "2365"]
[PlyCount "87"]
[EventDate "2007.??.??"]

1. c4 Nf6 2. d4 c5 3. d5 e5 4. Nc3 d6 5. e4 Be7 6. Bd3 O-O 7. Nge2 Nbd7 8. O-O
a6 9. h3 Ne8 10. Be3 Bg5 11. Qd2 Bxe3 12. Qxe3 g6 13. Rab1 Ng7 14. a3 f5 15.
exf5 gxf5 16. f4 e4 17. Bc2 Nb6 18. Bb3 Bd7 19. Ba2 Be8 20. b4 Nd7 21. Rb2 Rc8
22. Rfb1 Bh5 23. Kh2 Qh4 24. Qg3 Qf6 25. Qe3 Qh6 26. Rf1 Kh8 27. bxc5 Nxc5 28.
Nd4 Bf7 29. Rb4 Rc7 30. Nce2 Bg8 31. Ng3 Qf6 32. Bb1 Rfc8 33. Ba2 h5 34. Rb2
Bf7 35. Rd2 Rg8 36. Bb1 h4 37. Nh1 Nh5 38. Ne2 Be8 39. Qd4 Rcg7 40. Qxf6 Nxf6
41. Nd4 Bd7 42. Re1 Nh5 43. Rf2 Rg3 44. Ra2 0-1

[Event "Konik Morski Rewala OPEN A"]
[Site "Rewal"]
[Date "2007.08.21"]
[Round "1.17"]
[White "Szwed, Jacek"]
[Black "Klekowski, Maciej"]
[Result "1-0"]
[WhiteElo "2364"]
[BlackElo "2118"]
[PlyCount "101"]
[EventDate "2007.??.??"]

1. d4 c5 2. d5 d6 3. Nc3 g6 4. e4 Bg7 5. Bb5+ Nd7 6. a4 a6 7. Bc4 Qa5 8. Bd2
Qb4 9. Be2 Qb6 10. Nf3 Ngf6 11. O-O O-O 12. h3 e5 13. dxe6 fxe6 14. Bc4 Re8 15.
Re1 Kh8 16. Ra3 Qc6 17. Bf4 Nb6 18. Ba2 e5 19. Bg5 Be6 20. Bxf6 Bxf6 21. Bxe6
Rxe6 22. Qe2 Rf8 23. a5 Nc8 24. Nd2 Bh4 25. g3 Bg5 26. Nc4 Ref6 27. Rf1 Qd7 28.
Nd5 R6f7 29. Kg2 Qe6 30. Qg4 Qxg4 31. hxg4 Rd8 32. Rd3 Kg7 33. Rfd1 Rdf8 34. f3
Bd8 35. Rf1 Rd7 36. Nde3 Re7 37. c3 Ref7 38. Nd5 Rd7 39. Rc1 Re8 40. Rcd1 Rf8
41. Kf2 Rdf7 42. Ke2 h6 43. Rf1 Rd7 44. b3 Rff7 45. Rfd1 Rf8 46. Kf2 Rdf7 47.
Kg2 Rd7 48. Nde3 Rdf7 49. Nxe5 dxe5 50. Rxd8 Rxf3 51. Nf5+ 1-0

[Event "Konik Morski Rewala OPEN A"]
[Site "Rewal"]
[Date "2007.08.21"]
[Round "1.18"]
[White "Diczew, Filip"]
[Black "Nester, Ihor"]
[Result "0-1"]
[WhiteElo "2112"]
[BlackElo "2354"]
[PlyCount "102"]
[EventDate "2007.??.??"]

1. e4 e5 2. Bc4 Nf6 3. Qe2 Nc6 4. c3 d6 5. Nf3 Be7 6. d3 a6 7. Bb3 Na5 8. Bc2
c5 9. Nbd2 Nc6 10. Nf1 Be6 11. Ng3 h6 12. O-O O-O 13. h3 Qc7 14. Nh2 d5 15. Ng4
Nxg4 16. hxg4 d4 17. Nf5 Bg5 18. g3 Bxc1 19. Rfxc1 Qd8 20. Kg2 b5 21. Rh1 Qf6
22. Rh4 dxc3 23. bxc3 b4 24. Ba4 Bxf5 25. gxf5 bxc3 26. Bxc6 Qxc6 27. Qc2 Qd6
28. Qxc3 Rfd8 29. Rc1 Rac8 30. Rg4 Kf8 31. Qb2 Qd4 32. Rc3 Rc6 33. Qa3 Kg8 34.
Rh4 Rdd6 35. Qb3 Qb4 36. Qc2 Qa5 37. Rh1 Qc7 38. Rc1 f6 39. Qb3+ Kh7 40. Qa3
Qb6 41. Rb3 Qc7 42. Rbc3 Qd7 43. Qb3 Rd4 44. Rxc5 Rxc5 45. Rxc5 Rxd3 46. Qb8
Qd4 47. Rc8 Qxe4+ 48. Kh2 Qxf5 49. Rh8+ Kg6 50. Qa7 Qh5+ 51. Kg2 Qf3+ 0-1

[Event "Konik Morski Rewala OPEN A"]
[Site "Rewal"]
[Date "2007.08.21"]
[Round "1.19"]
[White "Skalski, Michal"]
[Black "Andrenko, Irina"]
[Result "1/2-1/2"]
[WhiteElo "2330"]
[BlackElo "2108"]
[PlyCount "124"]
[EventDate "2007.??.??"]

1. Nf3 d6 2. c4 g6 3. Nc3 Bg7 4. g3 e5 5. Bg2 Ne7 6. O-O O-O 7. d3 f5 8. Rb1 h6
9. Bd2 Nd7 10. b4 Kh7 11. Qb3 c6 12. Rfc1 Qc7 13. Qa3 Nf6 14. b5 Be6 15. bxc6
bxc6 16. Rb3 Rab8 17. Rcb1 Nd7 18. Be3 Nc8 19. Rc1 Ncb6 20. Qa5 f4 21. Bd2 Nc5
22. Rbb1 g5 23. Ne1 Qd7 24. Ne4 Nxe4 25. Bxe4+ Kg8 26. Nc2 d5 27. cxd5 cxd5 28.
Bg2 Qf7 29. Be1 g4 30. Nb4 f3 31. Bf1 e4 32. e3 exd3 33. Bxd3 Nc4 34. Bxc4 dxc4
35. Bc3 Bf5 36. Bxg7 Kxg7 37. Ra1 Rb6 38. Nd5 Rd6 39. Nf4 Rfd8 40. Qe5+ Kg8 41.
h4 Bd3 42. h5 Qg7 43. Qa5 a6 44. Re1 Qg5 45. Qc3 Rf8 46. Qb4 Rdf6 47. Qe7 Rf5
48. Qe6+ Kg7 49. Qg6+ Qxg6 50. hxg6 Rb8 51. e4 Re5 52. Rac1 Rb2 53. Rc3 Rxa2
54. Rec1 Rxe4 55. Nxd3 cxd3 56. Rxd3 Kxg6 57. Rd6+ Kf7 58. Rxh6 Rae2 59. Kf1
Re6 60. Rc7+ Kg8 61. Rxe6 Rxe6 62. Rc4 Rg6 1/2-1/2

[Event "Konik Morski Rewala OPEN A"]
[Site "Rewal"]
[Date "2007.08.21"]
[Round "1.20"]
[White "Korosciel, Aneta"]
[Black "Maryasin, Boris"]
[Result "0-1"]
[WhiteElo "2105"]
[BlackElo "2321"]
[PlyCount "90"]
[EventDate "2007.??.??"]

1. e4 c5 2. Nf3 Nc6 3. Bb5 g6 4. O-O Bg7 5. c3 Nf6 6. Re1 O-O 7. e5 Nd5 8. d4
cxd4 9. cxd4 d6 10. Nc3 Nc7 11. exd6 Qxd6 12. Bg5 Ne6 13. Bxc6 Nxg5 14. Nxg5
bxc6 15. Qa4 Rb8 16. Rad1 Rxb2 17. Qxa7 Qf4 18. Nf3 Bg4 19. Qxe7 Bxf3 20. gxf3
Qxf3 21. Qe3 Qf5 22. Re2 Rxe2 23. Nxe2 Ra8 24. Qb3 Qg4+ 25. Kf1 Bf8 26. a4 Ra5
27. Ng3 h5 28. Rd3 Qh3+ 29. Ke2 Rd5 30. Ne4 Qg4+ 31. f3 Qf4 32. Ng3 h4 33. Nf1
Bg7 34. Re3 Bxd4 35. Re4 Re5 36. Qb8+ Kg7 37. Qxe5+ Bxe5 38. Rxf4 Bxf4 39. h3
Bc7 40. Kd3 Kf6 41. Ke4 Ke6 42. Nd2 f5+ 43. Kd4 Bb6+ 44. Kd3 g5 45. Nc4 Ba7 0-1

[Event "Konik Morski Rewala OPEN A"]
[Site "Rewal"]
[Date "2007.08.21"]
[Round "1.21"]
[White "Strzemiecki, Zbigniew"]
[Black "Witek, Tomasz"]
[Result "0-1"]
[WhiteElo "2306"]
[BlackElo "2105"]
[PlyCount "60"]
[EventDate "2007.??.??"]

1. e4 e6 2. d4 d5 3. exd5 exd5 4. c4 dxc4 5. Bxc4 Nf6 6. Nf3 Bb4+ 7. Nc3 O-O 8.
O-O Bg4 9. Be3 Nbd7 10. h3 Bh5 11. g4 Nb6 12. Bb3 Bg6 13. Ne5 c6 14. f4 Nfd5
15. Nxd5 Nxd5 16. Bxd5 Qxd5 17. f5 f6 18. Nd3 Qd6 19. Rf4 Bf7 20. Kf2 Rfe8 21.
a3 Ba5 22. Nc5 Bd5 23. Qd3 Re7 24. Rg1 Rae8 25. Ne6 g5 26. Rf3 Bxf3 27. Kxf3
Qh2 28. Qb3 Qxh3+ 29. Kf2 Kh8 30. Rg3 Be1+ 0-1

[Event "Konik Morski Rewala OPEN A"]
[Site "Rewal"]
[Date "2007.08.21"]
[Round "1.22"]
[White "Cherednichenko, Elena"]
[Black "Paci, Cedric"]
[Result "1/2-1/2"]
[WhiteElo "2105"]
[BlackElo "2304"]
[PlyCount "77"]
[EventDate "2007.??.??"]

1. d4 e6 2. c4 b6 3. Nf3 Bb7 4. e3 f5 5. Be2 Nf6 6. O-O Be7 7. Nc3 O-O 8. a3
Qe8 9. b4 Qg6 10. Bb2 d6 11. Rc1 Nbd7 12. Qb3 Ne4 13. Rfd1 Ndf6 14. d5 Nxf2 15.
Kxf2 Ng4+ 16. Ke1 Nxe3 17. Rd3 Nxg2+ 18. Kd1 e5 19. Nxe5 dxe5 20. Rg3 Ne3+ 21.
Rxe3 Qg1+ 22. Kd2 Qxh2 23. Nb5 Bg5 24. Nxc7 f4 25. Rf3 e4 26. Nxa8 Re8 27. Nc7
exf3 28. Nxe8 Qxe2+ 29. Kc3 Bc8 30. Qd1 Qxe8 31. Qxf3 Qa4 32. Kd2 h5 33. Qxh5
Qb3 34. Bc3 Bh6 35. Qe8+ Kh7 36. Qe4+ Kg8 37. Qe5 Kh7 38. Qe4+ Kg8 39. Qe8+
1/2-1/2

[Event "Konik Morski Rewala OPEN A"]
[Site "Rewal"]
[Date "2007.08.21"]
[Round "1.23"]
[White "Zierke, Oliver"]
[Black "Schroeter, Guenter"]
[Result "1-0"]
[WhiteElo "2302"]
[BlackElo "2104"]
[PlyCount "91"]
[EventDate "2007.??.??"]

1. d4 d5 2. c4 e6 3. Nc3 Nf6 4. Bg5 Nbd7 5. e3 c6 6. Nf3 Qa5 7. Nd2 Bb4 8. Qc2
Ne4 9. Ndxe4 dxe4 10. Bh4 e5 11. O-O-O Bxc3 12. Qxc3 Qxc3+ 13. bxc3 O-O 14. Be7
Re8 15. Bd6 exd4 16. cxd4 f5 17. Be2 b6 18. Kc2 c5 19. dxc5 bxc5 20. Rd5 Nb6
21. Rxc5 Be6 22. Rc1 Rac8 23. Rxc8 Rxc8 24. Kb3 Rc6 25. Be5 Kf7 26. Bd4 Nc8 27.
Kb4 a6 28. Rc3 Ne7 29. Ra3 g5 30. Ra5 h6 31. Rc5 Rd6 32. Rc7 Bd7 33. Bc5 Rd2
34. Kc3 Rxe2 35. Rxd7 Rxf2 36. Rxe7+ Kf6 37. Rd7 Rxg2 38. Rd2 Rg1 39. Kd4 Ke6
40. Bf8 h5 41. c5 Rb1 42. c6 Rc1 43. Bc5 f4 44. c7 Kd7 45. Bb6 Kc8 46. Kxe4 1-0

[Event "Konik Morski Rewala OPEN A"]
[Site "Rewal"]
[Date "2007.08.21"]
[Round "1.24"]
[White "Tokarski, Bartosz"]
[Black "Llanezavega, Patricia"]
[Result "1/2-1/2"]
[WhiteElo "2100"]
[BlackElo "2298"]
[PlyCount "109"]
[EventDate "2007.??.??"]

1. e4 c5 2. Nf3 Nc6 3. d4 cxd4 4. Nxd4 Nf6 5. Nc3 d6 6. Bc4 e6 7. Be3 Be7 8.
Qe2 O-O 9. O-O-O a6 10. Bb3 Nxd4 11. Bxd4 Bd7 12. e5 dxe5 13. Bxe5 Qc8 14. f4
Bc6 15. Na4 Bb5 16. Qf3 Qc6 17. Qxc6 Bxc6 18. Bxf6 Bxf6 19. Rhg1 Rad8 20. c3
Be7 21. c4 Rxd1+ 22. Bxd1 b5 23. cxb5 axb5 24. Nc3 Bc5 25. Re1 Rc8 26. Bc2 Bf2
27. Re2 Bg1 28. g3 Bf3 29. Re1 Bxh2 30. Re3 Bc6 31. Ne2 g6 32. Rc3 Kg7 33. Be4
Bd7 34. Rxc8 Bxc8 35. Kd2 Kf6 36. Ke3 e5 37. Kf2 Bg4 38. fxe5+ Kxe5 39. Bf3 Be6
40. b3 Bf5 41. Kg2 Bxg3 42. Nxg3 Bb1 43. a4 bxa4 44. bxa4 f5 45. Ne2 Bd3 46.
Nc3 Kd4 47. Nd5 Kc5 48. Kf2 Bc2 49. a5 Bd3 50. Ke3 Bb5 51. Nc7 h5 52. Kf4 h4
53. Ne6+ Kb4 54. Ng5 Kxa5 55. Bd5 1/2-1/2

[Event "Konik Morski Rewala OPEN A"]
[Site "Rewal"]
[Date "2007.08.21"]
[Round "1.25"]
[White "Majdan, Joanna"]
[Black "Organisciak, Wojciech"]
[Result "1-0"]
[WhiteElo "2296"]
[BlackElo "2095"]
[PlyCount "65"]
[EventDate "2007.??.??"]

1. e4 a6 2. d4 b5 3. Nf3 Bb7 4. Bd3 e6 5. Qe2 c5 6. dxc5 Bxc5 7. Be3 d6 8. a4
bxa4 9. Bxc5 dxc5 10. Nbd2 Ne7 11. Nc4 Bc6 12. Qe3 Nd7 13. Nd6+ Kf8 14. Ng5
Qa5+ 15. Kf1 Ne5 16. Nxe6+ Kg8 17. Qxc5 Qxc5 18. Nxc5 Rd8 19. Nc4 Nxd3 20. cxd3
Ng6 21. Ke2 f5 22. Ke3 h6 23. Ne6 Re8 24. exf5 Bxg2 25. Rhg1 Nh4 26. Nd6 Re7
27. Rxa4 Nxf5+ 28. Nxf5 Rxe6+ 29. Kd2 Bh3 30. Nxg7 Rb6 31. Rf4 Rxb2+ 32. Kc3
Rb7 33. Nh5+ 1-0

[Event "Konik Morski Rewala OPEN A"]
[Site "Rewal"]
[Date "2007.08.21"]
[Round "1.26"]
[White "Gorecka, Joanna"]
[Black "Nguyen, Piotr"]
[Result "0-1"]
[WhiteElo "2089"]
[BlackElo "2283"]
[PlyCount "68"]
[EventDate "2007.??.??"]

1. e4 e6 2. d4 d5 3. Nc3 Bb4 4. e5 c5 5. a3 Bxc3+ 6. bxc3 Qc7 7. Nf3 b6 8. Bd3
Ba6 9. O-O Ne7 10. Re1 Bxd3 11. cxd3 c4 12. Qa4+ Qc6 13. Qxc6+ Nbxc6 14. dxc4
dxc4 15. Nd2 Na5 16. a4 Nd5 17. Ne4 f5 18. exf6 gxf6 19. Ba3 Kd7 20. Rac1 Rhg8
21. Bb4 Nb3 22. Rc2 f5 23. Ng3 Nf4 24. Kf1 h5 25. Rd1 h4 26. Ne2 Nxg2 27. d5 e5
28. d6 f4 29. Ng1 e4 30. Rd5 Rae8 31. Rf5 Rg7 32. Nh3 e3 33. Nxf4 Nd2+ 34. Ke2
exf2+ 0-1